Companies code, 1963 (Act 179). / (Record no. 7638)

MARC details
000 -LEADER
fixed length control field 01991nam a22002177a 4500
003 - CONTROL NUMBER IDENTIFIER
control field OSt
005 - DATE AND TIME OF LATEST TRANSACTION
control field 20210607101642.0
008 - FIXED-LENGTH DATA ELEMENTS--GENERAL INFORMATION
fixed length control field 121101t xxu||||| |||| 00| 0 eng d
024 ## - OTHER STANDARD IDENTIFIER
Standard number or code GPCL/A298/05/420/2015
040 ## - CATALOGING SOURCE
Transcribing agency LC
050 ## - LIBRARY OF CONGRESS CALL NUMBER
Classification number KRX956.A29.G34
110 ## - MAIN ENTRY--CORPORATE NAME
Subordinate unit Office of the Registrar of Companies, Ghana
245 ## - TITLE STATEMENT
Title Companies code, 1963 (Act 179). /
Statement of responsibility, etc. Office of the Registrar of Companies, Ghana
246 ## - VARYING FORM OF TITLE
Title proper/short title Companies Act, 1963 (Act 179)
260 ## - PUBLICATION, DISTRIBUTION, ETC.
Place of publication, distribution, etc. Accra:
Name of publisher, distributor, etc. Ghana Publishing Company,
Date of publication, distribution, etc. 1963.
300 ## - PHYSICAL DESCRIPTION
Extent 311 p.:
500 ## - GENERAL NOTE
General note Insert in back cover: Companies (Amendment) Act, 2016 (Act 920). GPCL/A836/1.000/09/2018
505 ## - FORMATTED CONTENTS NOTE
Formatted contents note Contents: CHAPTER 1: Preliminary -- CHAPTER 2: Provisions applicable to all companies: A. Formation of matters incidental thereto B. The company regulations C. Capacity of companies D. Commencement of business E. Membership of companies F. Shares. G. Stated capital and dividends H. Resolutions reducing capital, shares or liability I. Debentures and debenture stock J. Transfer of shares and debentures K. Branch registers L. Registration of particulars of charges M. Registered office, publication of name and annual return<br/>N. Accounts and audit O. Acts by or on behalf of the company P. General meetings and resolutions Q. Directors and secretary R. Protection against illegal or oppressive action S. Arrangements and amalgamation T. Receivers and managers U. Winding up V. Documents W. Invitations to the public CHAPTER 3: Additional provision applicable to private companies only chapter 4: Additional provision applicable to public companies only A. Prospectuses and statements in lieu of prospectus B. Dividends and transfers C. Annual returns and auditors D. General meetings E. Directors CHAPTER 5: Provisions applicable to non-Ghanaian companies CHAPTER 6: Supplementary A. Unit trusts and mutual funds B. Miscellaneous offences C. Legal proceedings D. Administration
650 ## - SUBJECT ADDED ENTRY--TOPICAL TERM
Topical term or geographic name entry element Corporation law .
General subdivision Ghana.
942 ## - ADDED ENTRY ELEMENTS (KOHA)
Source of classification or shelving scheme Library of Congress Classification
Koha item type Books
Holdings
Withdrawn status Lost status Source of classification or shelving scheme Damaged status Not for loan Home library Current library Shelving location Date acquired Total Checkouts Full call number Barcode Date last seen Price effective from Koha item type
    Library of Congress Classification     WISCONSIN INTERNATIONAL UNIVERSITY COLLEGE, GHANA KUMASI LIBRARY WISCONSIN INTERNATIONAL UNIVERSITY COLLEGE, GHANA KUMASI LIBRARY Law Library 19/08/2019   KRX956.A29.G34 KSL/005/19 04/06/2021 04/06/2021 Books
    Library of Congress Classification     WISCONSIN INTERNATIONAL UNIVERSITY COLLEGE, GHANA KUMASI LIBRARY WISCONSIN INTERNATIONAL UNIVERSITY COLLEGE, GHANA KUMASI LIBRARY Law Library 19/08/2019   KRX956.A29.G341 KSL/006/19 04/06/2021 04/06/2021 Books

If you have any concerns or questions; kindly contact the library


© Powered by WIUC ICT DIRECTORATE